000 00684nam a2200181 i 4500
001 161236
003 ES-MaACL
005 20230906212228.0
008 010411s1820 sp f |||| | spa d
040 _aCCPB | B
_bspa
_cCCPB | B
245 0 3 _aEl padre y la hija
_b: historia inglesa /
_ctraducida al francés desde su idioma por Madamoiselle.... y al español por Juana Barrera.
260 _aMadrid :
_b[s.n.],
_c1820 (
_foficina de Dávila, impresor)
300 _a240 p., [1] h. de grab. ;
_c16 cm.
599 _aLa h. de grab., escena de la novela.
700 1 _aBarrera, Juana.
_9125829
852 _aES-MaACL
_jG-10587
_z-- Enc. pasta española
999 _c161236
_d161236